| 000 | 00506nam a22001697a 4500 | ||
|---|---|---|---|
| 005 | 20231026095129.0 | ||
| 008 | 231026b |||||||| |||| 00| 0 eng d | ||
| 020 | _a0797018549 | ||
| 041 | _aEnglish / Afrikaans | ||
| 082 | _a346.7 SOU | ||
| 100 | _lEnglish / Afrikaans | ||
| 245 | _aSouth African Law Commission : Project 63. Review of the Law of Insolvency | ||
| 260 | _c1989 | ||
| 300 |
_bxviii, 149 pages ; _c31 cm. |
||
| 650 |
_aLegal practice _bLaw |
||
| 942 |
_cBK _6ALISON_BN_VRIES |
||
| 999 |
_c79 _d79 |
||